000 00975nam0a22002651 4500
001 rc\2170268
005 20110829161650.3
035 _a(NLR Aleph) 006604647
090 _a7284719
_c7284719
100 _a20110829d1978 |||y0rusy50 ca
101 0 _arus
102 _aRU
105 _ay z |||||
200 1 _aХроника одного двора
_eВ 2 д., 5 карт.
_fОтв. ред. Н. Каминская
_gБюро распространения драм. произведений и информ.-рекл. материалов ВААП
210 _aМосква
_cБ. и.
_d1978
215 _a82 л.
_d28
700 1 _aВейцлер
_bА. Л.
_gАндрей Леонидович
701 1 _aМишарин
_bА. Н.
_f1939-
_gАлександр Николаевич
702 1 _aКаминская
_bН.
_4340
801 0 _aRU
_bNLR
_gpsbo
801 1 _aRU
_bELAR
_2rusmarc
852 _aNLR
_j78-8/412
899 _aRuMoRGB
_jБ 78-48/78
942 _cBOOK
980 _aNB